000 00520nam a2200181Ia 4500
001 2895
005 20260306144840.0
008 260306t1998||||xx |||||||||||||| ||spa||
041 _aESP
082 _a231.765
_bB81
100 _aBrand, Leonard
_eAUT
245 0 _aFe y razón en la historia de la tierra:
_bun paradigma de los orígenes de la tierra y de la vida mediante un diseño inteligente
260 _c1998
300 _a390 páginas :
_c27 cm.
650 _aGEN
654 _aCHU
942 _cLIB
_dJUS
_fJUS
_2ddc
_n
999 _c2895
_d2895